Chess Openings by Pawn #2 - Statistics

General Stats
  • This quiz has been taken 51 times
  • The average score is 6 of 9
Answer Stats
Moves Answer % Correct
d4 d5 2. c4 Queen’s Gambit
89%
e4 e5 2. f4 King’s Gambit
84%
e4 c5 Sicilian Defense
80%
e4 e6 French Defense
70%
e4 d5 Scandinavian Defense
66%
e4 e5 2. d4 Center Game
64%
e4 c6 Caro-Kann Defense
61%
d4 f5 Dutch Defense
61%
d4 d5 2.c4 c6 Slav Defense
61%
No matching quizzes found
Score Distribution
Percent of People with Each Score
Percentile by Number Answered
Your Score History
You have not taken this quiz